Top 15 des villes les plus visitées au monde - Statistiques

Statistiques générales
  • Ce quiz a été pris 522 fois
  • Le résultat moyen est 9 sur 15
Statistiques - réponses
Classement Réponses % Correct
2 PARIS
99%
12 NEW YORK
95%
1 LONDRES
92%
14 ROME
86%
8 MADRID
84%
13 BERLIN
77%
7 PEKIN
74%
15 BARCELONE
73%
5 ISTANBUL
45%
3 BANGKOK
44%
9 DUBAI
40%
4 SINGAPOUR
33%
11 KUALA LUMPUR
13%
10 FRANCFORT
4%
6 HONK HONG
2%
Aucun quiz correspondant
Distribution des résultats
% des personnes avec chaque résultat
Percentile par nombre de réponses
Votre historique - résultats
Vous n’avez pas pris ce quiz